000
00253nam a22001217a 4500
041
_a
ENG
100
_a
Yadav.K.S
245
_a
Workshop Technology -1
260
_a
Delhi
_b
Vayu Education
_c
2011
300
_a
320
650
_a
FMP
856
_u
FMP ( 17 )
999
_c
1395
_d
1395